| 000 | 00779cam a2200241 4500 | ||
|---|---|---|---|
| 001 | B2259 | ||
| 008 | 090401t1989 xxu||||| |||| 00| 0 eng d | ||
| 035 | _a(Sirsi) u48990 | ||
| 041 | _aeng | ||
| 050 | _a696 | ||
| 090 | _aRICS 1989/19 A | ||
| 110 |
_aInstitution and College Conferences _92330 |
||
| 245 | _aEngineering services fast track. 15 March 1989, Cumberland Hotel W1 | ||
| 260 |
_aLondon _bInstitution and College Conferences _c1989 |
||
| 300 | _a3 papers ; 4 other items | ||
| 350 | _a0 | ||
| 520 | _aPapers by Angood,Keith , Bucknall,David and Pengilly,Rex . Includes synopses of other papers,programme and details of participants. | ||
| 650 | _aCONFERENCE | ||
| 650 | _aENGINEERING SERVICES | ||
| 650 | _aFAST TRACK | ||
| 942 | _n0 | ||
| 948 | _c04/03/1997 | ||
| 999 |
_c92456 _d92456 |
||